00423nam a2200145Ia 4500008004100000020001500041041000800056082001800064100005400082245004700136250000600183260004200189300001100231650003500242210716s1984 xx 000 0 und d a8120303970 aeng a658.4038 MURR aMurdick, Robert G;Ross, Joel E;Claggett, James R. aInformation systems for modern management. a3 aNew DelhibPHI Learning Pvt Ltdc1984 axi,466 aManagement Information Systems